000 01612nam a2200373 a 4500
001 000112448
003 CHAP
005 20220329144306.0
008 160328s2014 mx |r| |1|||||spa d
010 _a108909
011 _a109881
040 _cCHAP
082 0 4 _a323.445
_bS47 2013
111 1 0 _aSeminario Internacional de Transparencia Judicial
_n(4:
_d2013 :
_c[México, D.F.])
_9130726
245 1 0 _aSeminario internacional de transparencia judicial 2013. Acceso a la información y protección de datos :
_bun ejercicio de derechos fundamentales. Tópicos de transparencia /
_cpor El Poder Judicial de la Federación.
260 _aMéxico :
_bSuprema Corte de Justicia de la Nación :
_bConsejo de la Judicatura Federal :
_bTribunal Electoral del Poder Judicial de la Federación,
_c2014.
300 _a361 p.
590 _aBATCH-UPD
_b05
_c20160329
_lUCH01
_h1018
590 _aBATCH-UPD
_b10
_c20160408
_lUCH01
_h1318
590 _aE11695DGD
_b10
_c20160407
_lUCH01
_h1154
590 _aE11695DGD
_b10
_c20160408
_lUCH01
_h1317
590 _aE6096MTM
_b05
_c20160328
_lUCH01
_h1505
590 _aE6096MTM
_b05
_c20160329
_lUCH01
_h1017
590 _aE6096MTM
_b05
_c20160329
_lUCH01
_h1017
590 _aE6096MTM
_b05
_c20160329
_lUCH01
_h1018
590 _aE6096MTM
_b05
_c20160329
_lUCH01
_h1018
650 1 4 _aLibertad de información
_xLeyes y legislación
_zMéxico.
_9130733
650 1 4 _aProtección de datos
_xLegislación
_zMéxico.
_9130735
650 1 4 _aTransparencia en el gobierno
_zMéxico.
_9130734
710 1 0 _aPoder Judicial de la Federación.
_9130728
901 _aBK
942 _cLIBRO
942 _n0
999 _c108909
_d108909